Afidofágy kontrolujúce populácie vošiek

Bibliographic Details
Main Author: Králiková, Adrianna, 1954- (Author)
Format: Article
Language:Slovak
PhysicalDescription:Obr. 5
ISSN:1210-0161
Subjects:

MARC

LEADER 00000nab a2200000 a 4500
001 vtls000488934
003 SK-MaSNL
005 20260304035014.0
008 230207c1993 xo 0 slo
015 |a SNBRB19rr/mm-uuuuu 
035 |a CL0489072 
035 |a urn:nbn:sk:snk-abam7w 
035 |a (urnnbn)urn:nbn:sk:snk:ar-a0a2aw 
035 |a (uuid)f0915253-f880-4c8d-9b31-867af2ca8c36 
040 |a SNKBUCL  |b slo  |c SNKBUCL  |e AACR2 
041 0 |a slo 
044 |a xo  |c SK 
080 |a 632.937.12:595.7  |2 1981 
080 |a 595.7  |2 1981 
100 1 |a Králiková, Adrianna,  |d 1954-  |4 aut  |9 103193 
245 1 0 |a Afidofágy kontrolujúce populácie vošiek  |c Adrianna Králiková 
300 |b Obr. 5 
650 0 7 |a vošky  |2 SNKPH 
650 0 7 |a užitočný hmyz  |2 SNKPH  |9 114237 
650 0 7 |a biologická ochrana rastlín  |2 SNK  |9 224755 
655 7 |a články z novín a časopisov  |2 SNK  |9 267496 
773 0 |t Naturalium  |g Roč. 3, č. 3 (1993), s. 5-8  |x 1210-0161 
850 |a Slovenská národná knižnica v Martine  |a MTA001 
852 |a SNK  |b KIS3GCP 
954 |a odborná, vedecká literatúra pôvodná (slovenská)  |2 lita 
958 |a RK 
958 |a OND 
958 |a EUIPO 
958 |a article14 
992 |a RBX 
999 |c 2655860  |d 2657790